ESSENTIALS OF MEDICAL PHYSIOLOGY (Record no. 1461)

MARC details
000 -LEADER
fixed length control field 00355nam a2200145Ia 4500
008 - FIXED-LENGTH DATA ELEMENTS--GENERAL INFORMATION
fixed length control field 150201s2013 xx 000 0 und d
082 ## - DEWEY DECIMAL CLASSIFICATION NUMBER
Classification number 612
Item number E13S
100 ## - MAIN ENTRY--PERSONAL NAME
Personal name SEMBULINGAM , K.
245 ## - TITLE STATEMENT
Title ESSENTIALS OF MEDICAL PHYSIOLOGY
250 ## - EDITION STATEMENT
Edition statement 6TH
260 ## - PUBLICATION, DISTRIBUTION, ETC. (IMPRINT)
Name of publisher, distributor, etc. JAYPEE
Place of publication, distribution, etc. DELHI
Date of publication, distribution, etc. 2013
300 ## - PHYSICAL DESCRIPTION
Extent 1-1092
650 ## - SUBJECT ADDED ENTRY--TOPICAL TERM
Topical term or geographic name as entry element HUMAN PHYSIOLOGY
942 ## - ADDED ENTRY ELEMENTS (KOHA)
Source of classification or shelving scheme Dewey Decimal Classification
Koha item type Books
Koha issues (borrowed), all copies 124
Holdings
Withdrawn status Lost status Source of classification or shelving scheme Damaged status Not for loan Collection code Home library Current library Shelving location Date acquired Source of acquisition Cost, normal purchase price SGTU Bill Number Total Checkouts Full call number Barcode Date last seen Date last checked out Bill Date Koha item type
    Dewey Decimal Classification     MEDICAL SGT Medical Library SGT Medical Library Text Book 19/02/2013 ABC DELHI 1095.00 SGTU 3173 9 612 E13S FM5274 08/05/2026 26/03/2026 20/02/2013 Books
    Dewey Decimal Classification     MEDICAL SGT Medical Library SGT Medical Library Text Book 19/02/2013 ABC DELHI 1095.00 SGTU 3173 56 612 E13S FM5275 15/12/2025 12/12/2025 20/02/2013 Books
    Dewey Decimal Classification     MEDICAL SGT Medical Library SGT Medical Library Text Book 30/09/2013 ABC DELHI 1095.00 SGTU 3173 68 612 E13S FM5276 10/02/2026 22/01/2026 30/09/2013 Books
    Dewey Decimal Classification     MEDICAL SGT Medical Library SGT Medical Library Text Book 30/09/2013 ABC DELHI 1095.00 SGTU 3173 59 612 E13S FM5277 16/12/2025 12/12/2025 30/09/2013 Books
    Dewey Decimal Classification     MEDICAL SGT Medical Library SGT Medical Library Text Book 19/02/2013 ABC DELHI 1095.00 SGTU 3173 71 612 E13S FM5278 28/03/2026 28/03/2026 20/02/2013 Books